000 00697nam a2200253Ia 4500
003 OSt
005 20220918223631.0
006 a|||||r|||| 00| 0
007 ta
008 220917b |||||||| |||| 00| 0 eng d
024 _a224,247
037 _cTextual
040 _aARTS
_cARTS
_beng
041 _2eng
_aeng
082 _aT9(Y11):3, P4
100 _aGrainger Teresa Ed.
_9146216
245 0 _aRoutledge Falmer reader in language and literacy
260 _aLondon
_bRoutledge Falmer
_c2004
300 _aix, 309p
_ccm.
490 _aReaders in education
650 _aEDUCATION
942 _hT9(Y11):3, P4
_cTEXL
_2CC
999 _c279006
_d279006